Normal view
MARC view
- Airport -- Design and Construction -- Pakistan
Entry Topical Term
001 - CONTROL NUMBER
- control field: 42344
003 - CONTROL NUMBER IDENTIFIER
- control field: NUST
005 - DATE AND TIME OF LATEST TRANSACTION
- control field: 20210314132259.0
008 - FIXED-LENGTH DATA ELEMENTS
- fixed length control field: 210314|| aca||aabn | a|a d
040 ## - CATALOGING SOURCE
- Original cataloging agency: NUST
- Transcribing agency: NUST
150 ## - HEADING--TOPICAL TERM
- Topical term or geographic name entry element: Airport -- Design and Construction -- Pakistan
670 ## - SOURCE DATA FOUND
- Source citation: Work cat.: (NUST): National Institute of Transportation- Risalpur 42343, Research compendium, 2004
